載入...
Compendium of land use laws for sustainable development /
| LEADER | 01037cam a22001814a 4500 | ||
|---|---|---|---|
| 020 | |a 9780521862172 | ||
| 082 | 0 | 0 | |a 346.045 |b P6 |
| 245 | 0 | 0 | |a Compendium of land use laws for sustainable development / |c edited by John R Nolon. |
| 260 | |a New York: |b Cambridge University Press, |c 2006. | ||
| 300 | |a xxxix, 442 p. ; | ||
| 504 | |a Includes bibliographical references and index. | ||
| 650 | 0 | |a Land use-Law and legislation |9 2640 | |
| 650 | 0 | |a Sustainable development-Law and legislation |9 2641 | |
| 700 | 1 | |a Nolon, John R Ed. |9 2642 | |
| 856 | 4 | 2 | |u http://books.google.co.in/books?id=mMvLFdgESVAC&pg=PA401&lpg=PA401&dq=Compendium+of+land+use+laws+for+sustainable+development+/&source=bl&ots=As0S2qONBf&sig=F1YlQUiel3hZ-zJMlMiYSvNnt4Q&hl=en&sa=X&ei=3fS7UobGDsParAe6s4CADw&ved=0CEsQ6AEwBA#v=onepage&q=Compendium%20of%20land%20use%20laws%20for%20sustainable%20development%20%2F&f=false |
| 942 | |c BK | ||
| 999 | |c 50849 |d 50849 | ||
| 952 | |0 0 |1 0 |4 0 |6 346_045000000000000_P6 |7 0 |9 51581 |a MGUL |b MGUL |d 2013-07-16 |e GBP75.00 |l 0 |o 346.045 P6 |p 48889 |r 2013-07-16 |w 2013-07-16 |y BK | ||